|
|
|
|
| LEADER |
01234nam a2200301 a 4500 |
| 001 |
4961010 |
| 008 |
120104s1997 ii a 001 0 eng d |
| 035 |
|
|
|9 (DLC) 97006052
|
| 010 |
|
|
|a 97006052
|
| 020 |
|
|
|a 1571690891
|
| 020 |
|
|
|a 818710578x
|
| 040 |
|
|
|a DLC
|c DLC
|d DLC
|d BD-DhAAL
|
| 082 |
0 |
0 |
|a 005.4/469
|2 21
|
| 100 |
1 |
|
|a Simon, Richard J.
|
| 245 |
1 |
0 |
|a Windows NT Win32 API SuperBible /
|c Richard J. Simon.
|
| 246 |
1 |
4 |
|a Waite Group Windows NT Win32 API SuperBible
|
| 246 |
1 |
8 |
|a SuperBible Windows NT Win32 API
|
| 260 |
|
|
|a New Delhi :
|b Techmedia ;
|a Corte Madera, CA :
|b Waite Group Press,
|c c1997.
|
| 300 |
|
|
|a xv, 1510 p. :
|b ill. ;
|c 24 cm.
|
| 538 |
|
|
|a System requirements for accompanying computer disc: IBM compatible PC; Windows 95, Windows NT 4 or later; Windows 95 or Windows NT 4.0, ANSI-compatible C/C++ 32-bit compiler.
|
| 500 |
|
|
|a Includes index.
|
| 541 |
1 |
|
|e 00010459
|
| 630 |
0 |
0 |
|a Microsoft Windows NT.
|
| 630 |
0 |
0 |
|a Microsoft Win32.
|
| 650 |
|
0 |
|a Operating systems (Computers)
|
| 852 |
1 |
|
|a Ayesha Abed library
|c General Shelf
|
| 999 |
|
|
|c 11724
|d 11724
|
| 952 |
|
|
|0 0
|1 0
|2 ddc
|4 0
|6 005_446900000000000_SIM
|7 0
|9 19065
|a BRACUL
|b BRACUL
|c GEN
|d 2012-01-05
|l 0
|o 005.4469 SIM
|p 3010010495
|r 2012-01-05
|t 1
|w 2012-01-05
|y BK
|